Teilnehmer der Fußball-WM 2010 - Statistiken

Allgemein
  • Dieses Quiz wurde 135 mal gespielt
  • Das Durchschnittsergebnis liegt bei 24 aus 32
Antwortstatistiken
Antwort % Korrekt
Gruppe D: Deutschland
100%
Gruppe B: Argentinien
97%
Gruppe H: Spanien
97%
Gruppe G: Brasilien
94%
Gruppe F: Italien
94%
Gruppe A: Mexiko
92%
Gruppe A: Südafrika
92%
Gruppe E: Niederlande
91%
Gruppe C: USA
91%
Gruppe A: Frankreich
90%
Gruppe G: Portugal
90%
Gruppe A: Uruguay
89%
Gruppe C: England
88%
Gruppe D: Australien
86%
Gruppe B: Südkorea
86%
Gruppe E: Japan
85%
Gruppe D: Ghana
83%
Gruppe H: Schweiz
74%
Gruppe H: Chile
71%
Gruppe E: Dänemark
69%
Gruppe G: Elfenbeinküste
64%
Gruppe C: Algerien
62%
Gruppe F: Paraguay
62%
Gruppe D: Serbien
62%
Gruppe F: Neuseeland
61%
Gruppe B: Nigeria
61%
Gruppe G: Nordkorea
59%
Gruppe B: Griechenland
57%
Gruppe E: Kamerun
49%
Gruppe H: Honduras
46%
Gruppe C: Slowenien
43%
Gruppe F: Slowakei
42%
Keine übereinstimmenden Quizze gefunden
Verteilung der Resultate
Anzahl Personen mit jedem Resultat
Perzentil nach korrekt beantworteten Fragen
Ihre Resultats-Entwicklung
Sie haben dieses Quiz noch nicht gespielt